000
00258nam a22001097a 4500
082
_a
900/MAT
100
_a
Mathur,Dr. Anuradha
_9
84006
245
_a
Historical documents & history
260
_a
Jodhpur
_b
Books treasure
_c
2017
650
_a
History
942
_c
BK
999
_c
69022
_d
69022